Normal view
MARC view
- Gossel P Ed
Entry Personal Name
001 - CONTROL NUMBER
- control field: 26953
003 - CONTROL NUMBER IDENTIFIER
- control field: OSt
005 - DATE AND TIME OF LATEST TRANSACTION
- control field: 20220803173015.0
008 - FIXED-LENGTH DATA ELEMENTS
- fixed length control field: 220803|| aca||aabn | a|a d
040 ## - CATALOGING SOURCE
- Original cataloging agency: OSt
- Transcribing agency: OSt
100 ## - HEADING--PERSONAL NAME
- Personal name: Gossel P Ed
670 ## - SOURCE DATA FOUND
- Source citation: Work cat.: (OSt)17160: Gossel P Ed., Architectural Monograph : Frank Lloyd Wright., 2015